Célébrités en D. - Statistiques

Statistiques générales
  • Ce quiz a été pris 986 fois
  • Le résultat moyen est 11 sur 16
Statistiques - réponses
Question Célébrité % Correct
Il interprète "Jack" dans le film "Titanic". Leonardo Di Caprio
95%
Sélectionneur de l'équipe de France de Football Masculin. Didier Deschamps
94%
Chanteuse Québécoise, interprète de "My heart will go on". Céline Dion
92%
Acteur Français, ayant joué plusieurs fois le rôle d'Obélix au cinéma. Gérard Depardieu
92%
Rappeuse française, interprète de "La Boulette". Diam's
90%
Acteur Français oscarisé ,interprète de "Loulou" dans "Un gars / Une Fille". Jean Dujardin
89%
Acteur Américain, incarnant Jack Sparrow au cinéma. Johnny Depp
88%
Peintre Espagnol à moustache né en 1904, il a peint "les montres molles". Salvador Dali
87%
Humoriste Français, ayant joué dans la Saga "Camping". Franck Dubosc
80%
Célèbre Tennisman Serbe, ayant remporté 22 tournois du grand chelem simple. Novak Djokovic
79%
Animatrice Française, elle a animé "un club" à son nom à la TV. Dorothée
77%
Ex-footballeur international Ivoirien, il fut attaquant à l'OM et 8 ans à Chelsea Didier Drogba
51%
Femme politique française, membre "Des Républicains", ministre de la justice de 2007 à 2009. Rachida Dati
37%
Il a interprété le rôle du commissaire Bialès dans "La cité de la Peur". Gérard Darmon
33%
Animateur TV français, décédé en 2012, il animait "Ca se discute". Jean-luc Delarue
30%
Chanteuse Britannique, interprète de "White flag". Dido
15%
Aucun quiz correspondant
Distribution des résultats
% des personnes avec chaque résultat
Percentile par nombre de réponses
Votre historique - résultats
Vous n’avez pas pris ce quiz